| 000 | 01185nam a22002897a 4500 | ||
|---|---|---|---|
| 999 |
_c113372 _d113372 |
||
| 003 | dpl | ||
| 005 | 20180922131020.0 | ||
| 008 | 180922b ||||| |||| 00| 0 eng d | ||
| 010 | _aB-005820 | ||
| 020 | _c295.00 | ||
| 035 | _aB-005820, B-005824 | ||
| 037 | _bCen Lib/Ret | ||
| 040 |
_aDPL _bHN _c0 |
||
| 082 |
_aउ _bमहाश्वे |
||
| 100 |
_aमहाश्वेता देवी _951943 |
||
| 245 |
_aग्राम बांग्ला / _cमहाश्वेता देवी; अनुवाद महेश्वर |
||
| 246 |
_aGraam bangla / _bby Mahshweta Devi; Maheshwar |
||
| 260 |
_aनयी दिल्ली _bराधाकृष्ण _c1999 |
||
| 270 |
_a2/38, अंसारी रोड, दरयागंज _bनयी दिल्ली _e110002 |
||
| 300 |
_ax,314पृ. _c20सेमी(सजिल्द ) |
||
| 650 |
_aहिंदी साहित्य _x _z _951944 |
||
| 650 |
_aहिंदी उपन्यास _951945 |
||
| 650 |
_aHindi literature _v _951946 |
||
| 650 |
_aHindi fiction _927248 |
||
| 700 |
_aमहेश्वर _951947 |
||
| 942 |
_2ddc _cHN _hउ _mमहाश्वे |
||